Subah of Allahabad under the great mughals, 1580-1707 (Record no. 353848)

000 -LEADER
fixed length control field 00429cam a22001337a 4500
008 - FIXED-LENGTH DATA ELEMENTS--GENERAL INFORMATION
fixed length control field 180718b1974 xxu||||| |||| 00| 0 eng d
082 ## - DEWEY DECIMAL CLASSIFICATION NUMBER
Classification number B67x5421 Si64
100 ## - MAIN ENTRY--PERSONAL NAME
Personal name Sinha, Surendra Nath
245 ## - TITLE STATEMENT
Title Subah of Allahabad under the great mughals, 1580-1707
Statement of responsibility, etc. by Surendra Nath Sinha
260 ## - PUBLICATION, DISTRIBUTION, ETC.
Place of publication, distribution, etc. New Delhi
Name of publisher, distributor, etc. Jamia Milia Islamia
Date of publication, distribution, etc. 1974
300 ## - PHYSICAL DESCRIPTION
Extent 238p.
650 ## - SUBJECT ADDED ENTRY--TOPICAL TERM
Topical term or geographic name entry element Mogul Empire.
650 ## - SUBJECT ADDED ENTRY--TOPICAL TERM
Topical term or geographic name entry element Allahabad, India (District) --History
Holdings
Withdrawn status Lost status Damaged status Not for loan Permanent Location Current Location Date acquired Full call number Barcode Date last seen Price effective from Koha item type
        Indian Institute of Public Administration Indian Institute of Public Administration 1993-12-06 B67x5421 Si64 49257 2018-07-21 2018-07-21 Book

Powered by Koha